Подземелья Ватикана; Фальшивомонетчики; Возвращение из СССР: [18+]; [НЕЗАКОННОЕ ПОТРЕБЛЕНИЕ НАРКОТИЧЕСКИХ СРЕДСТВ, ПСИХОТРОПНЫХ ВЕЩЕСТВ, ИХ АНАЛОГОВ ПРИЧИНЯЕТ ВРЕД ЗДОРОВЬЮ, ИХ НЕЗАКОННЫЙ ОБОРОТ ЗАПРЕЩЁН И ВЛЕЧЕТ УСТАНОВЛЕННУЮ ЗАКОНОДАТЕЛЬСТВОМ ОТВЕТСТВЕННОСТЬ]; [перевод]

Podrobná bibliografie
Hlavní autor: Жид А. Андре
Další autoři: Токарев Л. Н. (составитель)
Jazyk:ruština
Vydáno: Москва, Московский рабочий, 1990
Témata:
Médium: MixedMaterials Kniha
KOHA link:https://koha.lib.tpu.ru/cgi-bin/koha/opac-detail.pl?biblionumber=157259

MARC

LEADER 00000nam0a2200000 4500
001 157259
005 20260407162920.0
010 |a 523900739X 
035 |a (RuTPU)RU\TPU\book\170557 
090 |a 157259 
100 |a 20090406d1990 m y0rusy5003 ca 
101 1 |a rus  |c fre 
102 |a RU 
105 |a c z 000ay 
200 1 |a Подземелья Ватикана; Фальшивомонетчики; Возвращение из СССР  |e [18+]  |e [НЕЗАКОННОЕ ПОТРЕБЛЕНИЕ НАРКОТИЧЕСКИХ СРЕДСТВ, ПСИХОТРОПНЫХ ВЕЩЕСТВ, ИХ АНАЛОГОВ ПРИЧИНЯЕТ ВРЕД ЗДОРОВЬЮ, ИХ НЕЗАКОННЫЙ ОБОРОТ ЗАПРЕЩЁН И ВЛЕЧЕТ УСТАНОВЛЕННУЮ ЗАКОНОДАТЕЛЬСТВОМ ОТВЕТСТВЕННОСТЬ]  |e [перевод]  |f А. Жид  |g сост. и предисл. Л. Н. Токарев 
210 |a Москва  |c Московский рабочий  |d 1990 
215 |a 640 с.  |c портр.  |d 22 см 
610 1 |a французская литература 
610 1 |a романы 
610 1 |a повести 
675 |a 84 
700 1 |a Жид  |b А.  |c французский писатель  |c Нобелевский лауреат  |f 1869-1951  |g Андре  |3 (RuTPU)RU\TPU\pers\21202  |9 8850 
702 1 |a Токарев  |b Л. Н.  |4 220 
801 0 |a RU  |b RuMRKP  |c 19950417  |g psbo 
801 1 |a RU  |b 63413507  |c 20090406  |g PSBO 
801 2 |a RU  |b 63413507  |c 20090406  |g PSBO 
830 |a *изданиеподлежащеемаркировке 
942 |c BK